Kolejne 50 postaci historycznych, które powinieneś/powinnaś znać. - Statystyki

Ogólne statystyki
  • Ten quiz został rozwiązany 2 715 razy
    2 627 od ostatniego zresetowania
  • Średni wynik to 20 z 50
Statystyki odpowiedzi
Lp. Podpowiedź Odpowiedź % Poprawnych
5 Włoski przywódca z czasów drugiej wojny światowej. Benito Mussolini
89%
18 Apostoł, który wydał Jezusa. Judasz Iskariota
87%
3 Reżyser takich filmów jak "Człowiek z Żelaza" czy "Katyń" Andrzej Wajda
80%
8 Zastrzelony 35 prezydent USA, prezydent czasów tzw. "kryzysu kubańskiego". John Fitzgerland Kennedy
80%
38 Założyciel religii chrześcijańskiej. Jezus
79%
9 Przywódca Kuby w latach 1959-2008. Fidel Castro
77%
31 Władczyni Egiptu, kochanka Juliusza Cezara. Kleopatra
75%
37 Prorok i przywódca żydowski, wybił "Dziesięć Przykazań" na kamiennych tablicach. Mojżesz
73%
7 Zastrzelony w teatrze prezydent USA. Abraham Lincoln
72%
45 Prorok i założyciel religii Islamu. Muhammad
68%
6 Hiszpański dyktator wojskowy z czasów hiszpańskiej wojny domowej. Francisco Franco
63%
35 Polski pianista, kompozytor, działacz niepodległościowy i polityk. W 1919 sprawował funkcje premiera i ministra spraw zagranicznych RP. Ignacy Paderewski
60%
26 Inżynier serbskiego pochodzenia, autor blisko 300 patentów i twórca przeszło 125 wynalazków. Nikola Tesla
58%
1 Chiński filozof na którego naukach powstała swoista religia. Konfucjusz
56%
34 Brytyjki pisarz, twórca "Folwark Zwierzęcy" oraz "Rok 1984". George Orwell
54%
10 Wieczny przywódca Korei Północnej. Kim Ir Sen
51%
2 Cesarz Cesarstwa Japońskiego z czasów drugiej wojny światowej. Hirohito
50%
17 Nazywany "Królem Słońce". Ludwik XIV
50%
20 Kanclerz Rzeszy. Dokonał zjednoczenia Niemiec. Otto von Bismarck
50%
15 Minister propagandy i oświecenia publicznego Trzeciej Rzeszy. Joseph Goebbels
49%
25 Niemiecki filozof i socjolog. Twórca socjalizmu naukowego, działacz rewolucyjny. Karol Marks
46%
27 Niemiecki doktor medycyny i antropologii. Tak zwany "Anioł Śmierci". Josef Mengele
45%
40 Włoski poeta, twórca dzieła "Boska Komedia". Dante Alighieri
44%
16 Rosyjski powieściopisarz, twórca takich dzieł jak "Anna Karenina" oraz "Wojna i Pokój". Lew Tołstoj
41%
46 32 prezydent Stanów Zjednoczonych, opracował "New Deal". Franklin D. Roosevelt
39%
11 Polski lekarz żydowskiego pochodzenia, autor "Króla Maciusia". Janusz Korczak
38%
29 Obalony dyktator Libii. Mu’ammar al-Kaddafi
38%
49 37 prezydent USA, uwikłany w aferę 'WaterGate". Richard Nixon
37%
30 Napisał "Przygody Tomka Sawyera" oraz "Książę i Żebrak". Mark Twain
35%
33 Przywódca francuskiego podziemia z czasów drugiej wojny światowej, prezydent Francji. Charles de Gaulle
34%
19 Wynalazca silnika spalinowego tłokowego o zapłonie samoczynnym. Rudolf Diesel
34%
4 Polska gwiazda kina niemego, grała w filmie z Rudolfem Valentino. Apolonia Chałupiec
33%
32 Austriacki neurolog, ojciec współczesnej psychiatrii. Zygmunt Freud
32%
43 Cesarz rzymski, pierwszy cesarz chrześcijański. Konstantyn Wielki
24%
24 Autor "Ojca Chrzestnego". Mario Puzo
20%
42 Generał Konfederacji w czasie amerykańskiej wojny domowej. Robert E. Lee
20%
22 Polski podróżnik, geolog, geograf. Nadał nazwę "Góra Kościuszki" szczytowi w Australii. Paweł Strzelecki
18%
14 Polityk, jeden z przywódców opozycji za czasów PRL. Minister pracy i polityki socjalnej w latach 1989-2001. Jacek Kuroń
17%
50 Rzymski polityki, jeden z najwybitniejszych mówców. Cyceron
16%
28 Filozof twórca idei panta rhei (wszystko płynie). Heraklit
13%
39 Filozof angielskiego oświecenia, twórca koncepcji "tabula rasa". John Locke
11%
47 Współpracownik KEN, jeden z najwybitniejszych przedstawicieli polskiego oświecenia, zreformował metody nauczania na Uniwersytecie Jagielońskim. Hugo Kołłątaj
10%
44 Ekonomista napisał "Bogactwo Narodów". Adam Smith
9%
41 Hiszpański król, twórca tak zwanej "Wielkiej Armady". Filip II
9%
23 Nazywany najgorszym reżyserem w historii. Twórca "Glen czy Glenda" oraz "Plan 9 z Kosmosu". Ed Wood
7%
13 Polski architekt malarz i teoretyk sztuki. Twórca takich obrazów jak "Wiatr Halny" czy "Czarny Staw". Stanisław Witkiewicz
7%
12 Polski lekarz, profesor patologii, współzałożyciel Towarzystwa Tatrzańskiego. Tytus Chałubiński
6%
48 Generał w Wojska Polskiego, zdobywca Kijowa w Wojnie Bolszewickiej, dowódca frontu środkowego w czasie Bitwy Warszawskiej 1920 roku. Edward Rydz-Śmigły
5%
21 Archeolog, odkrywca ruin Troi. Heinrich Schliemann
5%
36 Wynalazca papieru. Cai Lun
3%
Nie znaleziono quizów pasujących do podanych kryteriów
Rozkład punktacji
Procent ludzi z każdym wynikiem
Percentyl według liczby udzielonych odpowiedzi
Twoja historia wyników
Nie rozwiązałeś tego quizu od ostatniego zresetowania